000 00489nam a22001697a 4500
008 150519b xxu||||| |||| 00| 0 eng d
020 _a9780071797122
020 _a0071797122
041 0 _aeng
080 _a616
245 0 0 _aAtlas of histopathology /
260 _aNew Delhi :
_bJaypee Brothers Medical Pub.,
_cc2012.
300 _a399 f.:
_bme il.;
_c29 cm.
500 _aIncludes index.
650 0 _aHistology, Pathological
_vAtlases.
942 _2udc
_cBK
999 _c834
_d834